Gims songs - sudden death - Statistics

General Stats
  • This quiz has been taken 232 times
  • The average score is 11 of 17
Answers on the Grid
Answers color-coded by a green-red scale on the quiz's grid according to % correct below.
Ciel
Zombie
Sainte Maxime
J'me tire
Tu vas me manquer
Caruso
Caméléon
Bella
On dirait
Corazón
L'enfer
Laissez passer
Ne me quitte pas
Game over
Encore
Sous le vent
Et bam
La même
Sapés comme jamais
Hola Señorita
Dernier métro
Si on disait
Je te pardonne
Adieu
Tout donner
Comme d'habitude
Le lac
French kiss
Tu ne le vois pas
Adieu nous deux
Est-ce que tu m'aimes?
Encore et encore
 
Answer Stats
Answer % Correct
Ciel
96%
Bella
89%
Zombie
88%
Est-ce que tu m'aimes?
82%
J'me tire
81%
Tu vas me manquer
74%
Sapés comme jamais
73%
Caméléon
63%
Hola Señorita
60%
Tout donner
60%
Corazón
56%
Laissez passer
56%
La même
54%
Game over
50%
Je te pardonne
47%
Tu ne le vois pas
31%
Dernier métro
20%
No matching quizzes found
Score Distribution
Percent of People with Each Score
Percentile by Number Answered
Your Score History
You have not taken this quiz